Elektroizolačné materiály. Návod na stanovenie vplyvov ionizujúceho žiarenia na izolačné materiály. Časť 2: Postupy pri ožarovananí a skúške STN EN 60544-2

Saved in:
Bibliographic Details
Format: Book
Language:English
Published: Bratislava : SÚTN, 2013
Tags: Add Tag
No Tags, Be the first to tag this record!

MARC

LEADER 00000nam a22000003a 4500
001 0113682
003 SK-STU
005 20250114110850.4
007 ta
008 250114s ----xo-----e------000-0-----d
040 |a STU  |b slo 
041 0 |a eng 
044 |a xo 
245 1 0 |a Elektroizolačné materiály. Návod na stanovenie vplyvov ionizujúceho žiarenia na izolačné materiály. Časť 2: Postupy pri ožarovananí a skúške  |b STN EN 60544-2 
260 |a Bratislava :  |b SÚTN,  |c 2013 
300 |a 45 s. 
996 |b 284EO00665  |c E*O- 665  |l EE32  |s P  |a 0  |w 0113682_0001